Контрасти (Запис номер 349141)
[ съкратено ]
| 000 -Лидер | |
|---|---|
| Контролно поле с фиксирана дължина | nkm a22 a 4500 |
| 003 - Код на организацията, давaща контролен номер | |
| Контролно поле | BLK |
| 005 - Дата и час на последна редакция | |
| Контролно поле | 20200320125356.0 |
| 008 - Елементи от данни с фиксирана дължина | |
| fixed length control field | 200318b bu ||||| |||| 00| 0 bu d |
| 020 ## - Международен стандартен номер на книга ISBN | |
| Международен стандартен номер на книга ISBN | 9786191882601 |
| 040 ## - Източник на каталожния запис | |
| Идентификатор на билиотеката - собственик на записа | BLK |
| 041 ## - Код за език | |
| Код за езика на текст/звукозапис или на отделно заглавие | Български |
| Код за езика КДБФ | Български |
| 080 ## - УДК | |
| Текстов определител УДК | Художествена фотография |
| УДК код - определител по УДК | 77.04 |
| УДК определител | (497.2)(084.12) |
| УДК - код + определител | 77.04(497.2)(084.12) |
| 100 ## - Редна дума - Автор | |
| R(LIN) | 1631 |
| Автор | Иванов, Светослав Руменов |
| Авторска отговорност | фотогр. |
| 139 ## - Редно поле | |
| Редна дума | Иванов, Светослав Руменов |
| Авторски знак | Иванов - И 21 |
| 245 ## - Сведения за заглавието | |
| Заглавие | Контрасти |
| Подзаглавни данни | фотографии от Северозападна България |
| Редно поле (дума) | Светослав Иванов |
| 260 ## - Област на издателските данни | |
| 9 (RLIN) | 219492 |
| Място на издаване, разпространение и проч. | [Враца] |
| Име на издателя, разпространителя и проч. | Изд. авт. |
| Година на издаване | 2019 |
| Печатница | ([Враца] : [БГ принт]) |
| 300 ## - Физическа характеристика | |
| Страници | 1 албум (108 с.) |
| Илюстрации и др. | с ил; |
| Размери/Мащаб | 15 х 21 см |
| 380 ## - Жанр | |
| Жанр | Изкуство |
| 650 #0 - Допълнително описание по предмет – тема | |
| 9 (RLIN) | 271707 |
| Основно описание – тема или топоним | Фотография, художествена |
| 650 #7 - Допълнително описание по предмет – тема | |
| 9 (RLIN) | 146731 |
| Основно описание – тема или топоним | Албуми |
| 653 #7 - Ключова дума – ненормативна | |
| 9 (RLIN) | 200269 |
| Ключова дума | художествена фотография |
| 653 #7 - Ключова дума – ненормативна | |
| 9 (RLIN) | 180586 |
| Ключова дума | албуми |
| 852 ## - Местоположение | |
| Форматна сигнатура | Цб Гр |
| Фондова буква | Хранилище |
| 999 ## - СИСТЕМНИ КОНТРОЛНИ НОМЕРА | |
| Koha biblionumber | 349141 |
| Koha biblioitemnumber | 349141 |
| 942 ## - АРТИКУЛИ | |
| Вид на библиотечния материал | Графични издания |
| Скрит в OPAC | Не |
| Периодичен библиозапис | Да |
| 944 ## - СЪЗДАВАНЕ И РЕДАКЦИЯ на ЗАПИСА | |
| Създаване/Редакция | Създаване |
| Служител, извършил регистрацията/редакцията | Микаела Микова - Илиева |
| Статус, дата на статуса | 2020-03-18 |
| 999 ## - СИСТЕМНИ КОНТРОЛНИ НОМЕРА | |
| Koha biblioitemnumber | 349141 |
| Код за отписване | Код за изгубен артикул | Източник на класификационната схема | Код за повреда | Коз за рестрикции | Код за отдаване | Артикулен № | Име на библиотеката - собственик | Име на библиотеката, в която се намира в момента | Статус (Текущо местоположение) | Дата на вписване в системата | Местоположение - отдел | Цена в лева | Систематично азбучна сигнатура | Баркод | Цена в евро | Служебен тип на артикула |
|---|---|---|---|---|---|---|---|---|---|---|---|---|---|---|---|---|
| Не е изгубен | Universal Decimal Classification | Не е повреден | само за читалня | ползва се в читалня | 756541 | Регионална библиотека "Любен Каравелов" Русе | Регионална библиотека "Любен Каравелов" Русе | Хранилище | 2020-03-20 | Хранилище | 15.00 | Цб І 39008 | 120000843363 | 7.67 | Графични издания |